| 000 | 00459nam a2200145Ia 4500 | ||
|---|---|---|---|
| 008 | 231129s1998||||xx |||||||||||||| ||spa|| | ||
| 020 | _a958-20-0425-8 | ||
| 040 | _bspa | ||
| 082 | _a371.81 A662p | ||
| 100 | _aArana Sáenz Imelda | ||
| 245 | 0 | _aPreferencias académicas y educación secundaria:Un estudio con perspectiva de género | |
| 260 | _c1998 | ||
| 264 | _aCooperativa Editorial Magisterio | ||
| 942 |
_2ddc _cBKS |
||
| 999 |
_c23127 _d23127 |
||